000 00591nam a22001817a 4500
005 20251108164952.0
008 250721s1987 xx 000 0 ara d
082 1 4 _a214/مصط
100 1 _aعبد الواحد، مصطفى
245 1 0 _aالإيمان في القرآن :
_bمنهج جديد في عرض عناصر العقيدة في الإسلام /
264 1 _aالقاهره :
_bدار الصحوه،
_c1987.
300 _a231ص
650 1 7 _aالإسلام
650 1 7 _aأصول الدين الإسلامي
650 1 7 _aالتوحيد
942 _2ddc
_cBK
999 _c18691
_d18691